Numerical analysis of heat transfer and chemical reaction coupling in the rubber seal vulcanization process (Record no. 74933)

MARC details
000 -LEADER
fixed length control field 01432nam a22001817a 4500
100 ## - MAIN ENTRY--AUTHOR NAME
Personal name Zhang, Z
245 ## - TITLE STATEMENT
Title Numerical analysis of heat transfer and chemical reaction coupling in the rubber seal vulcanization process
260 ## - PUBLICATION, DISTRIBUTION, ETC. (IMPRINT)
Name of publisher Rubber Chemistry and Technology, 95(2): 342-358.
Year of publication 2022
520 ## - SUMMARY, ETC.
Summary, etc Vulcanization parameters significantly affect the performance of rubber seals and the energy savings of the manufacturing process, which require a relationship between process parameters and vulcanization characteristics. Based on the vulcanization kinetics of rubber seal materials, a transient thermochemical-coupled finite-element model of the vulcanization process was established and solved. Changes in thermal conductivity and specific heat capacity during vulcanization were considered in detail. The effects of operational and structural parameters, such as mold temperature, heating duration, and rubber seal shape, cross-sectional dimensions on vulcanization characteristics were investigated. Finally, feasible suggestions for the vulcanization production of rubber seals are discussed. The study is expected to design parameters and control the vulcanization process of rubber seals accurately.
650 ## - SUBJECT ADDED ENTRY--TOPICAL TERM
Topical Term Rubber seal vulcanization
650 ## - SUBJECT ADDED ENTRY--TOPICAL TERM
Topical Term Coupling
700 ## - ADDED ENTRY--PERSONAL NAME
Personal name Jia, X
700 ## - ADDED ENTRY--PERSONAL NAME
Personal name Guo, F
700 ## - ADDED ENTRY--PERSONAL NAME
Personal name Huang, X
700 ## - ADDED ENTRY--PERSONAL NAME
Personal name Wang, Y
856 ## - ELECTRONIC LOCATION AND ACCESS
Uniform Resource Identifier https://doi.org/10.5254/rct.21.78984
942 ## - ADDED ENTRY ELEMENTS (KOHA)
Koha item type Journals
Holdings
Withdrawn status Lost status Damaged status Not for loan Home library Current library Date acquired Koha item type
        RRII Library RRII Library 28/12/2022 Journals